Statistics for 浙江省县级行政区划

Click here to take the quiz!

General Stats

  • This quiz has been taken 434 times
  • The average score is 57 of 90

Answer Stats

HintAnswer% Correct
西湖区
93%
萧山区
91%
义乌市
90%
杭州市上城区
88%
拱墅区
85%
余杭区
85%
富阳区
81%
临安区
81%
海宁市
81%
余姚市
79%
慈溪市
78%
温岭市
78%
东阳市
78%
桐庐县
77%
建德市
77%
临平区
76%
柯桥区
76%
淳安县
76%
嘉善县
75%
诸暨市
73%
滨江区
72%
钱塘区
72%
普陀区
72%
嵊泗县
72%
上虞区
70%
北仑区
70%
苍南县
70%
嵊州市
70%
镇海区
70%
象山县
69%
桐乡市
67%
海盐县
67%
江山市
67%
奉化区
67%
嘉兴市南湖区
66%
宁海县
66%
乐清市
66%
德清县
65%
瑞安市
65%
鄞州区
65%
玉环市
64%
绍兴市越城区
64%
舟山市定海区
64%
长兴县
64%
温州市鹿城区
64%
安吉县
63%
龙港市
63%
新昌县
62%
临海市
62%
黄岩区
61%
平湖市
60%
青田县
60%
金华市婺城区
60%
路桥区
60%
天台县
59%
台州市椒江区
59%
洞头区
58%
宁波市海曙区
58%
兰溪市
58%
龙游县
57%
南浔区
57%
永康市
57%
金东区
57%
仙居县
56%
永嘉县
55%
岱山县
54%
平阳县
54%
三门县
54%
景宁畲族自治县
53%
文成县
52%
江北区
52%
丽水市莲都区
52%
龙湾区
52%
瓯海区
51%
湖州市吴兴区
51%
武义县
51%
缙云县
50%
秀洲区
49%
常山县
48%
磐安县
48%
开化县
48%
龙泉市
48%
衢州市柯城区
47%
衢江区
47%
泰顺县
47%
浦江县
43%
遂昌县
42%
松阳县
42%
庆元县
41%
云和县
38%

Score Distribution

Percentile by Number Answered

Percent of People with Each Score

Your Score History

You have not taken this quiz